Physical properties of III-V semiconductor compounds : InP, InAs, GaAs, GaP, InGaAs, and INGaAsP /

Gespeichert in:
Bibliographische Detailangaben
1. Verfasser: Adachi, Sadao (Verfasst von)
Format: Buch
Sprache:Englisch
Veröffentlicht: New York : John Wiley & Sons, 1992
Ausgabe:1.vyd.
Schlagworte:
Tags: Tag hinzufügen
Keine Tags, Fügen Sie das erste Tag hinzu!

MARC

LEADER 00000nam a22000003a 4500
001 stu5151
005 20190206124537.8
008 940209s1992----xxu-----------------eng-d
020 |a 0-471-57329-9 
040 |a STU  |b slo 
041 0 |a eng 
044 |a xxu 
080 |a 538.9  |7 stu_us_auth*stu7967 
080 |a 546.681/.682 
080 |a 621.315.592 
100 1 |a Adachi, Sadao  |4 aut 
245 1 |a Physical properties of III-V semiconductor compounds :  |b InP, InAs, GaAs, GaP, InGaAs, and INGaAsP /  |c [aut.] Adachi,Sadao 
250 |a 1.vyd. 
260 |a New York :  |b John Wiley & Sons,  |c 1992 
300 |a 318 s 
650 7 |a fyzika polovodičov  |2 stusub 
650 7 |a polovodiče  |2 stusub 
650 7 |a polovodiče GaAs  |2 stusub 
650 7 |a zliatiny In  |2 stusub 
996 |b E78761  |c E*78761  |l EE11  |s P  |a 0  |w stu5151_0001